[Event "Krakow op-A 27th"]
[Site "Krakow"]
[Date "2017.01.03"]
[Round "8"]
[White "Kislinsky, Alexey"]
[Black "Eliseev, Evgeniy"]
[Result "1-0"]
[WhiteElo "2456"]
[BlackElo "2334"]
[PlyCount "105"]
[EventDate "2016.12.27"]
[EventType "swiss"]
[EventRounds "9"]
[EventCountry "POL"]
[SourceTitle "CBM 176 Extra"]
[Source "ChessBase"]
[SourceDate "2017.03.02"]
[SourceVersion "1"]
[SourceVersionDate "2017.03.02"]
[SourceQuality "1"]

1. e4 d6 2. d4 Nf6 3. Nc3 e5 4. Nf3 Nbd7 5. a4 Be7 6. Bc4 0-0 7. 0-0 c6 8. Ba2 a5 9. h3 exd4 10. Nxd4 Nc5 11. Qf3 Qb6 12. Rd1 Kh8 13. Nb3 Nxb3 14. Bxb3 Be6 15. Be3 Qc7 16. Bxe6 fxe6 17. Qg3 e5 18. Rd2 Qc8 19. Rad1 Qe6 20. f3 Rfd8 21. Qe1 Qc4 22. Kh1 Qb4 23. Rd3 Rd7 24. b3 Rad8 25. Bd2 Qc5 26. Nb1 d5 27. Bxa5 Ra8 28. Bc3 d4 29. f4 Bd6 30. Bb2 Re8 31. Ba3 Qa7 32. Bxd6 Rxd6 33. f5 b5 34. Nd2 Rd7 35. Ra1 Qc5 36. Qd1 Ra7 37. g4 Rea8 38. g5 Ng8 39. Nf3 bxa4 40. bxa4 Rxa4 41. Rxa4 Rxa4 42. Qb1 Rb4 43. Qa2 Rb5 44. Ra3 Rb8 45. Kg2 Qb5 46. Kg3 Qc5 47. Ra8 Rxa8 48. Qxa8 Qxc2 49. Nxe5 Qb3+ 50. Kh4 g6 51. Qf8 h6 52. Nf7+ Kh7 53. fxg6+ 1-0

[Event "Krakow op-A 27th"]
[Site "Krakow"]
[Date "2017.01.02"]
[Round "7"]
[White "Eliseev, Evgeniy"]
[Black "Marczuk, Dominik"]
[Result "1/2-1/2"]
[WhiteElo "2334"]
[BlackElo "2251"]
[PlyCount "113"]
[EventDate "2016.12.27"]
[EventType "swiss"]
[EventRounds "9"]
[EventCountry "POL"]
[SourceTitle "CBM 176 Extra"]
[Source "ChessBase"]
[SourceDate "2017.03.02"]
[SourceVersion "1"]
[SourceVersionDate "2017.03.02"]
[SourceQuality "1"]

1. d4 Nf6 2. Nf3 g6 3. g3 Bg7 4. Bg2 0-0 5. 0-0 d6 6. a4 c6 7. a5 Qc7 8. Re1 e5 9. dxe5 dxe5 10. e4 Na6 11. Nbd2 Rd8 12. Qe2 Bg4 13. b3 Nc5 14. Bb2 Ne8 15. h3 Be6 16. Qe3 b6 17. Bf1 f6 18. Ba3 Bf8 19. Nc4 Kg7 20. h4 h5 21. Bb2 Bxc4 22. Bxc4 b5 23. Bf1 Ne6 24. c3 Bc5 25. Qe2 a6 26. Bh3 Qe7 27. Red1 Nd6 28. Rd2 Nf7 29. Rad1 Rxd2 30. Rxd2 Rd8 31. Rxd8 Nfxd8 32. Qd2 Qd6 33. Kf1 Qxd2 34. Nxd2 Kf7 35. Ke2 Nb7 36. b4 Bf8 37. Nb3 c5 38. bxc5 Nexc5 39. Nxc5 Bxc5 40. Bc8 Nxa5 41. Bxa6 Nc4 42. Bc1 Nd6 43. f3 Ke6 44. Bh6 f5 45. exf5+ Nxf5 46. Bg5 Nxg3+ 47. Kd3 Be7 48. Bxe7 Kxe7 49. Bxb5 Nf5 50. c4 Kd6 51. Ke4 Nxh4 52. Ba6 Kc5 53. Kxe5 Nxf3+ 54. Kf4 Nd2 55. Kg5 Nxc4 56. Kxg6 h4 57. Bc8 1/2-1/2

[Event "Pardubice Czech op-A 27th"]
[Site "Pardubice"]
[Date "2016.07.28"]
[Round "7"]
[White "Vykouk, Jan"]
[Black "Eliseev, Evgeniy"]
[Result "1/2-1/2"]
[WhiteElo "2450"]
[BlackElo "2248"]
[PlyCount "110"]
[EventDate "2016.07.22"]
[EventType "swiss"]
[EventRounds "9"]
[EventCountry "CZE"]
[SourceTitle "CBM 173 Extra"]
[Source "ChessBase"]
[SourceDate "2016.08.29"]
[SourceVersion "1"]
[SourceVersionDate "2016.08.29"]
[SourceQuality "1"]

1. e4 d6 2. d4 Nf6 3. Nc3 e5 4. Nf3 Nbd7 5. Bc4 Be7 6. a4 0-0 7. 0-0 c6 8. h3 a5 9. Qe2 exd4 10. Nxd4 Ne5 11. Ba2 c5 12. Nf3 Be6 13. Nxe5 dxe5 14. Bxe6 fxe6 15. Qc4 Qb6 16. b3 Nh5 17. Be3 Rf6 18. Rad1 Nf4 19. Rd7 Bf8 20. Rfd1 Qb4 21. Bxf4 exf4 22. f3 Qb6 23. Qb5 Qxb5 24. Nxb5 c4 25. Rxb7 cxb3 26. cxb3 Rc8 27. Rc7 Rxc7 28. Nxc7 e5 29. Rc1 Rb6 30. Nb5 Kf7 31. Kf1 Kg6 32. Rc7 Bb4 33. Ke2 Kh6 34. Kd3 Rg6 35. Rc2 Kh5 36. Nc7 Kh4 37. Nd5 Kg3 38. Nxb4 axb4 39. Ra2 Rc6 40. a5 Rc3+ 41. Ke2 Kxg2 42. a6 Rc8 43. a7 Ra8 44. h4 g6 45. Ra1 h5 46. Ra6 Kh3 47. Kf2 Kxh4 48. Kg2 g5 49. Ra1 g4 50. Ra5 g3 51. Ra6 Kg5 52. Kh3 h4 53. Kg2 Kh5 54. Kh3 Kg5 55. Kg2 Kh5 1/2-1/2

[Event "Pardubice Czech op-J 27th"]
[Site "Pardubice"]
[Date "2016.07.15"]
[Round "1"]
[White "Kvapil, Pavel"]
[Black "Eliseev, Evgeniy"]
[Result "0-1"]
[WhiteElo "1521"]
[BlackElo "2248"]
[PlyCount "64"]
[EventDate "2016.07.15"]
[EventType "swiss"]
[EventRounds "7"]
[EventCountry "CZE"]
[SourceTitle "EXT 2017"]
[Source "ChessBase"]
[SourceDate "2016.10.25"]
[SourceVersion "1"]
[SourceVersionDate "2016.10.25"]
[SourceQuality "1"]

1. e4 d6 2. d4 Nf6 3. Nc3 Nbd7 4. Nf3 e5 5. dxe5 dxe5 6. Bd3 c6 7. 0-0 Be7 8. Bg5 0-0 9. a3 h6 10. Bd2 a5 11. Ne2 Qc7 12. b4 Re8 13. Ng3 c5 14. bxc5 Nxc5 15. h3 b6 16. Qe2 Bb7 17. Rfc1 Rad8 18. Nh2 Ne6 19. Ng4 Nd7 20. Nxh6+ gxh6 21. Bxh6 Nf6 22. Nh5 Nf4 23. Nxf6+ Bxf6 24. Qg4+ Kh8 25. Bxf4 exf4 26. Qh5+ Kg8 27. e5 Qxe5 28. Qh7+ Kf8 29. f3 Qg5 30. Rf1 Bxa1 31. Rxa1 Qg7 32. Qh4 Qxa1+ 0-1

[Event "Pardubice Czech op-A 25th"]
[Site "Pardubice"]
[Date "2014.07.18"]
[Round "1"]
[White "Eliseev, Evgeniy"]
[Black "Nun, Jiri"]
[Result "0-1"]
[WhiteElo "2140"]
[BlackElo "2351"]
[PlyCount "91"]
[EventDate "2014.07.18"]
[EventType "swiss"]
[EventRounds "9"]
[EventCountry "CZE"]
[SourceTitle "CBM 161 Extra"]
[Source "ChessBase"]
[SourceDate "2014.08.29"]
[SourceVersion "1"]
[SourceVersionDate "2014.08.29"]
[SourceQuality "1"]

1. d4 c5 2. d5 g6 3. e4 d6 4. Bd2 Bg7 5. Bc3 Nf6 6. Nd2 0-0 7. Ngf3 e6 8. dxe6 fxe6 9. e5 Nd5 10. Ne4 Nxc3 11. bxc3 d5 12. Nxc5 Qa5 13. Nb3 Qxc3+ 14. Qd2 Rxf3 15. gxf3 Qxf3 16. Qg5 Nc6 17. Bg2 Qc3+ 18. Qd2 Qxe5+ 19. Kf1 Qc7 20. Re1 Ne7 21. Re2 Bd7 22. Kg1 Nf5 23. Bh3 Rf8 24. Qb4 b6 25. Bxf5 Rxf5 26. Qd2 Qc4 27. h3 Qh4 28. Qe3 e5 29. Qd3 e4 30. Qa6 Rg5+ 31. Kf1 Bxh3+ 32. Ke1 Bc3+ 33. Kd1 Bd7 34. Ree1 Qg4+ 35. Kc1 Bxe1 36. Rxe1 Qf4+ 37. Kb2 Qe5+ 38. Ka3 Qc7 39. Kb2 Rf5 40. Qe2 Qe5+ 41. c3 b5 42. a3 Rf8 43. Qe3 Qf4 44. Rd1 Qxf2+ 45. Qxf2 Rxf2+ 46. Kb1 0-1

[Event "Voronezh-ch"]
[Site "Voronezh"]
[Date "2013.10.26"]
[Round "8"]
[White "Eliseev, Evgeniy"]
[Black "Klimentov, Evgeny"]
[Result "1/2-1/2"]
[WhiteElo "2000"]
[BlackElo "1988"]
[PlyCount "62"]
[EventDate "2013.10.18"]
[EventType "swiss"]
[EventRounds "9"]
[EventCountry "RUS"]
[SourceTitle "EXT 2014"]
[Source "ChessBase"]
[SourceDate "2013.11.20"]
[SourceVersion "1"]
[SourceVersionDate "2013.11.20"]
[SourceQuality "1"]

1. c4 e5 2. g3 d6 3. Bg2 f5 4. Nc3 Nf6 5. d3 g6 6. e3 Bg7 7. Nge2 0-0 8. 0-0 Nc6 9. Rb1 Be6 10. Nd5 Rb8 11. b4 Ne7 12. Nxe7+ Qxe7 13. b5 d5 14. Qa4 Qf7 15. c5 g5 16. f4 Qh5 17. Qc2 Rbe8 18. fxe5 Ng4 19. h3 Nxe5 20. Nd4 c6 21. bxc6 bxc6 22. Nxe6 Rxe6 23. d4 Nc4 24. Rxf5 Rxe3 25. Rxf8+ Bxf8 26. Qf5 Qg6 27. Qxg6+ hxg6 28. Rb8 Rd3 29. Rc8 Rxd4 30. Rxc6 Kf7 31. Rc7+ Ke6 1/2-1/2

[Event "Voronezh-ch"]
[Site "Voronezh"]
[Date "2013.10.20"]
[Round "3"]
[White "Ioffe, Ilya"]
[Black "Eliseev, Evgeniy"]
[Result "1-0"]
[WhiteElo "1974"]
[BlackElo "2000"]
[PlyCount "61"]
[EventDate "2013.10.18"]
[EventType "swiss"]
[EventRounds "9"]
[EventCountry "RUS"]
[SourceTitle "EXT 2014"]
[Source "ChessBase"]
[SourceDate "2013.11.20"]
[SourceVersion "1"]
[SourceVersionDate "2013.11.20"]
[SourceQuality "1"]

1. e4 c5 2. c3 Nf6 3. e5 Nd5 4. Nf3 Nc6 5. d4 e6 6. c4 Nb6 7. d5 exd5 8. cxd5 Nb4 9. d6 f6 10. Nc3 g6 11. a3 Nc6 12. Nd5 Kf7 13. Nxf6 h6 14. Nd5 Kg7 15. Nxb6 Qxb6 16. Bc4 Kh7 17. Qd5 Bg7 18. 0-0 Qd8 19. h4 Rf8 20. Bd3 Rxf3 21. Qxf3 Nxe5 22. Qe4 Nxd3 23. Qxd3 Qxh4 24. Re1 b6 25. Re7 Bb7 26. Bd2 Rf8 27. Qg3 Qxg3 28. fxg3 Bc6 29. Bc3 Rg8 30. Rf1 Kh8 31. Rff7 1-0

[Event "Prague op-B 12th"]
[Site "Prague"]
[Date "2013.??.??"]
[Round "6"]
[White "Benes, Petr"]
[Black "Eliseev, Evgeniy"]
[Result "1-0"]
[WhiteElo "2113"]
[BlackElo "2007"]
[PlyCount "167"]
[EventDate "2013.01.09"]
[EventType "swiss"]
[EventRounds "9"]
[EventCountry "CZE"]
[SourceTitle "CBM 152 Extra"]
[Source "ChessBase"]
[SourceDate "2013.02.25"]
[SourceVersion "1"]
[SourceVersionDate "2013.02.25"]
[SourceQuality "1"]

1. d4 Nf6 2. Nf3 g6 3. c4 Bg7 4. Nc3 0-0 5. e4 d6 6. Be2 e5 7. 0-0 Nc6 8. d5 Ne7 9. Be3 Ng4 10. Bg5 f5 11. Ne1 Nf6 12. f3 f4 13. Bh4 h5 14. Nd3 Bh6 15. Be1 g5 16. Nf2 Kh7 17. b4 Rg8 18. h3 a5 19. bxa5 Rxa5 20. Nb5 Ra8 21. c5 dxc5 22. Bc3 Ng6 23. d6 cxd6 24. Nxd6 Be6 25. Bc4 Bxc4 26. Nxc4 Qc7 27. a4 Rgd8 28. Qb3 Bg7 29. Rfb1 Ra7 30. Qb5 Rda8 31. Rd1 Ra6 32. a5 Re8 33. Ra2 Re7 34. Rad2 Qc6 35. Qb2 Ne8 36. Nb6 Nc7 37. Nd5 Rf7 38. Nd3 Qb5 39. Qa1 c4 40. Rb1 Qe8 41. Nc5 Nxd5 42. exd5 Ra7 43. Ne4 Qd8 44. Qa4 Rc7 45. Qb5 Kh6 46. d6 Rc6 47. Qd5 Nf8 48. Nc5 Rxa5 49. Bxa5 Qxa5 50. Nxb7 Qxd5 51. Rxd5 Nd7 52. Nd8 Rc8 53. Ne6 Bf6 54. Nc7 Bd8 55. Kf1 Bxc7 56. Rb7 Bb6 57. Rxd7 c3 58. Rxe5 g4 59. Rc7 Rxc7 60. dxc7 Bxc7 61. Rc5 gxh3 62. gxh3 Bb8 63. h4 Kg6 64. Ke2 Ba7 65. Rxc3 Bd4 66. Rc6+ Kg7 67. Kd3 Bf2 68. Ke4 Bxh4 69. Kxf4 Bf2 70. Kg5 h4 71. Rc7+ Kf8 72. Kg4 Bb6 73. Rc8+ Kf7 74. Kxh4 Bd4 75. Rc6 Bf6+ 76. Kg4 Kg6 77. f4 Kf7 78. Kf5 Ba1 79. Rc7+ Kf8 80. Ke6 Kg8 81. f5 Bb2 82. f6 Ba3 83. Rc8+ Kh7 84. f7 1-0

[Event "Prague op-B 12th"]
[Site "Prague"]
[Date "2013.??.??"]
[Round "5"]
[White "Eliseev, Evgeniy"]
[Black "Sagar, Anjali"]
[Result "1-0"]
[WhiteElo "2007"]
[BlackElo "1842"]
[PlyCount "77"]
[EventDate "2013.01.09"]
[EventType "swiss"]
[EventRounds "9"]
[EventCountry "CZE"]
[SourceTitle "CBM 152 Extra"]
[Source "ChessBase"]
[SourceDate "2013.02.25"]
[SourceVersion "1"]
[SourceVersionDate "2013.02.25"]
[SourceQuality "1"]

1. d4 Nf6 2. c4 g6 3. Nc3 Bg7 4. e4 d6 5. f4 0-0 6. Nf3 c5 7. d5 e6 8. Be2 exd5 9. cxd5 Re8 10. Nd2 b6 11. 0-0 Ba6 12. Re1 Bxe2 13. Qxe2 Nh5 14. Nf3 Nd7 15. g4 Nhf6 16. Nd2 Nf8 17. a4 N6d7 18. Nc4 Qe7 19. Nb5 Nf6 20. Nbxd6 Nxd5 21. Nxe8 Bd4+ 22. Kf1 Qh4 23. Qg2 Rxe8 24. Qg3 Qxg3 25. hxg3 Nf6 26. g5 Nxe4 27. Kg2 f5 28. gxf6 Nxf6 29. Be3 Ne6 30. Bxd4 Nxd4 31. Rxe8+ Nxe8 32. Re1 Kf7 33. a5 Nc2 34. Rh1 b5 35. Ne5+ Ke6 36. Rxh7 a6 37. Rh6 Nb4 38. Rxg6+ Kf5 39. Kf3 1-0

[Event "Voronezh Winter op"]
[Site "Voronezh"]
[Date "2012.01.12"]
[Round "2"]
[White "Eliseev, Evgeniy"]
[Black "Sokolovsky, Victor"]
[Result "0-1"]
[WhiteElo "1961"]
[BlackElo "2054"]
[PlyCount "39"]
[EventDate "2012.01.11"]
[EventType "swiss"]
[EventRounds "7"]
[EventCountry "RUS"]
[SourceTitle "EXT 2013"]
[Source "ChessBase"]
[SourceDate "2012.11.22"]
[SourceVersion "1"]
[SourceVersionDate "2012.11.22"]
[SourceQuality "1"]

1. d4 d5 2. Nf3 Nf6 3. c4 e6 4. g3 Be7 5. Bg2 0-0 6. 0-0 c6 7. Qc2 Nbd7 8. Rd1 Ne4 9. Nbd2 f5 10. b3 g5 11. Bb2 g4 12. Ne1 Ndf6 13. f3 Ng5 14. Nd3 Bd6 15. Ne5 h5 16. f4 Nge4 17. Bxe4 Nxe4 18. Nxe4 fxe4 19. a4 Bxe5 20. fxe5 0-1